书目信息 |
| 题名: |
我们为卓越而来
|
|
| 作者: | 刘导 著 | |
| 分册: | ||
| 出版信息: | 北京 华龄出版社 2020.6 |
|
| 页数: | 230页 | |
| 开本: | 21cm | |
| 丛书名: | ||
| 单 册: | ||
| 中图分类: | G632.46 , G635.5 | |
| 科图分类: | ||
| 主题词: | 高中生--学习方法 , 高中生--学生生活 | |
| 电子资源: | ||
| ISBN: | 978-7-5169-1636-0 | |
| 000 | 00874nam0 2200253 45 | |
| 001 | 012001000015 | |
| 005 | 20140817092407.0 | |
| 010 | @a978-7-5169-1636-0@dCNY58.00 | |
| 100 | @a20200911d2020 em y0chiy0110 ea | |
| 101 | 0 | @achi |
| 102 | @aCN@b110000 | |
| 105 | @aa z 000yy | |
| 106 | @ar | |
| 200 | 1 | @a我们为卓越而来@Awo men wei zhuo yue er lai@f刘导著 |
| 210 | @a北京@c华龄出版社@d2020.6 | |
| 215 | @a230页@c图,照片@d21cm | |
| 330 | @a本书记录同学们深刻而真实的高三经历,同时在记录中反思高中阶段该如何学习,如何追求卓越,为圆梦大学的高中学生提供方法指引,为高中生家长提供与孩子的相处之道,同时也为高三年级班主任的班级管理提供有益的借鉴经验。 | |
| 606 | 0 | @a高中生@x学习方法 |
| 606 | 0 | @a高中生@x学生生活 |
| 690 | @aG632.46@v5 | |
| 690 | @aG635.5@v5 | |
| 701 | 0 | @a刘导@Aliu dao@c(女)@4著 |
| 801 | @aCN@bAHXH@c20210922 | |
| 905 | @b1361066-70@dG632.46@e1360@f5 | |
| 我们为卓越而来/刘导著.-北京:华龄出版社,2020.6 |
| 230页:图,照片;21cm |
| ISBN 978-7-5169-1636-0:CNY58.00 |
| 本书记录同学们深刻而真实的高三经历,同时在记录中反思高中阶段该如何学习,如何追求卓越,为圆梦大学的高中学生提供方法指引,为高中生家长提供与孩子的相处之道,同时也为高三年级班主任的班级管理提供有益的借鉴经验。 |
| ● |
| 相关链接 |
|
|
|
|
正题名:我们为卓越而来
索取号:G632.46/1360
 
预约/预借
| 序号 | 登录号 | 条形码 | 馆藏地/架位号 | 状态 | 备注 |
| 1 | 1361066 | 213610662 | 第一样本阅览室/ [索取号:G632.46/1360] | 在馆 | |
| 2 | 1361067 | 213610671 | 教育系资料室/ [索取号:G632.46/1360] | 在馆 | |
| 3 | 1361068 | 213610680 | 教育系资料室/ [索取号:G632.46/1360] | 在馆 | |
| 4 | 1361069 | 213610699 | 第四借阅区/ [索取号:G632.46/1360] | 在馆 | |
| 5 | 1361070 | 213610706 | 第四借阅区/ [索取号:G632.46/1360] | 在馆 |